000 00340nam a22001457a 4500
008 230123b ||||| |||| 00| 0 eng d
020 _a0802822479
041 _aeng
080 _2VOLUME 5
_a34
082 _a34KIT
100 _a30
101 _aJURE
245 _aTHEOLOGICAL DICTIONARY OF THE NEW TESTAMENT
_cKITTEL G
942 _2udc
_cBK
999 _c59242
_d59242